000 01004nam0a2200277 4500
001 RU\NLR\BIBL_A\022210539
005 20250625161214.0
010 _9500
035 _a(NLR Aleph) 022210539
090 _a13321637
_c13321637
100 _a20240427d1972 |||y0rusy50 ca
101 0 _abua
102 _aRU
105 _ay z 000 y
181 0 _ai
_baxxe
182 0 _an
200 1 _aУран зохёолой уужам харгыда
_eбуряад уран зохёолнуудые шэнжэлэлгэһээ
_fВ. Б. Махатов
203 _aТекст
_bвизуальный
_cнепосредственный
210 _aУлаан-Үдэ
_cБуряадай номой хэблэл
_d1972
215 _a150, [2] с.
_d20
541 1 _aПуть развития художественной литературы
_zrus
700 1 _aМахатов
_bВ. Б.
_f1929-
_gВалентин Баторович
852 _aNLR
_bОНЛ
_jБур./2-1419
942 _cBOOK
980 _aNB